Statistics for Jersey Numbers Worn by Richie McCaw

Click here to take the quiz!

General Stats

  • This quiz has been taken 266 times
  • The average score is 4 of 6

Answer Stats

Times WornJersey Number% Correct
1387
94%
16
78%
28
76%
419
40%
220
38%
118
26%

Score Distribution

Percentile by Number Answered

Percent of People with Each Score

Your Score History

You have not taken this quiz